| 000 | 01002cam a22002895a 4500 | ||
|---|---|---|---|
| 003 | EG-ScBUE | ||
| 005 | 20220704093316.0 | ||
| 008 | 120116s2007 enka f 000 0 eng d | ||
| 020 | _a9781859648988 | ||
| 020 | _a1859648983 | ||
| 040 |
_aEG-ScBUE _beng _erda _cEG-ScBUE _dEG-ScBUE |
||
| 082 | 0 | 4 |
_a428.24076 _bCAM _222 |
| 100 | 1 |
_aCampbell, Colin, _eauthor. _914628 |
|
| 245 | 1 | 0 |
_aEnglish for academic study : _bvocabulary, _pCourse book / _cColin Campbell. |
| 246 | 3 | 0 | _aCourse book |
| 264 | 1 |
_aReading, UK : _bGarnet Publishing Ltd., _c2007. |
|
| 300 |
_a195 pages : _bcolor illustrations ; _c25 cm |
||
| 336 |
_2rdacontent _atext _btxt |
||
| 337 |
_2rdamedia _aunmediated _bn |
||
| 338 |
_2rdacarrier _avolume _bnc |
||
| 650 | 7 |
_aEnglish language _vTextbooks for foreign speakers. _2BUEsh _928411 |
|
| 650 | 7 |
_aEnglish language _xGrammar _vProblems, exercises, etc. _2BUEsh _928412 |
|
| 651 | _2BUEsh | ||
| 653 |
_bHHUUEENN _cAugust2015 _cJanuary2019 |
||
| 655 |
_vReading book _934232 |
||
| 942 |
_2ddc _cBB |
||
| 999 |
_c4801 _d4801 |
||